Eastern Utah Libraries Catalog: Duchesne, Heber, Roosevelt, & Vernal

If I built a town / (Record no. 411797)

MARC details
000 -LEADER
fixed length control field 02657aam a2200481 i 4500
001 - CONTROL NUMBER
control field 2025016680
003 - CONTROL NUMBER IDENTIFIER
control field DLC
005 - DATE AND TIME OF LATEST TRANSACTION
control field 20250923092234.0
007 - PHYSICAL DESCRIPTION FIXED FIELD--GENERAL INFORMATION
fixed length control field t|
008 - FIXED-LENGTH DATA ELEMENTS--GENERAL INFORMATION
fixed length control field 250408s2025 nyua b 000 1 eng
010 ## - LIBRARY OF CONGRESS CONTROL NUMBER
LC control number 2025016680
020 ## - INTERNATIONAL STANDARD BOOK NUMBER
International Standard Book Number 9780593324981
Qualifying information (hardcover)
020 ## - INTERNATIONAL STANDARD BOOK NUMBER
Cancelled/invalid ISBN 9780593325001
Qualifying information (Kindle)
020 ## - INTERNATIONAL STANDARD BOOK NUMBER
Cancelled/invalid ISBN 9780593324998
Qualifying information (ebk.)
035 ## - SYSTEM CONTROL NUMBER
System control number (OCoLC)1483173903
040 ## - CATALOGING SOURCE
Original cataloging agency DLC
Language of cataloging eng
Description conventions rda
Transcribing agency DLC
Modifying agency DLC-MRC
-- TnLvILS
042 ## - AUTHENTICATION CODE
Authentication code pcc
-- cyac
050 00 - LIBRARY OF CONGRESS CALL NUMBER
Classification number PZ8.3.V335
Item number Ift 2025
082 00 - DEWEY DECIMAL CLASSIFICATION NUMBER
Classification number [E]
Edition number 23/eng/20250408
100 1# - MAIN ENTRY--PERSONAL NAME
Personal name Van Dusen, Chris
Relator term author
-- illustrator
Relator code aut
-- ill
-- http://id.loc.gov/ vocabulary/relators/aut
-- http://id.loc.gov/vocabulary/relators/ ill
-- http://id.loc.gov/authorities/names/n95106903
-- http://id.loc.gov/ rwo/agents/n95106903
9 (RLIN) 43482
245 10 - TITLE STATEMENT
Title If I built a town /
Statement of responsibility, etc Chris Van Dusen.
264 #1 - Production, Publication, Distribution, Manufacture, and Copyright Notice.
Place of production, publication, distribution, manufacture New York, N.Y. :
Name of producer, publisher, distributor, manufacturer Rocky Pond Books,
Date of production, publication, distribution, manufacture, or copyr 2025.
300 ## - PHYSICAL DESCRIPTION
Extent 1 volume (unpaged) :
Other physical details color illustrations ;
Dimensions 27 cm
334 ## -
-- single unit
-- mono
-- http://id.loc.gov/vocabulary/issuance/mono
336 ## - Content Type
Content type term text
-- http://id.loc.gov/vocabulary/contentTypes/ txt
336 ## - Content Type
Content type term still image
-- http://id.loc.gov/vocabulary/ contentTypes/sti
337 ## - Media type
Media type term unmediated
-- http://id.loc.gov/vocabulary/mediaTypes/n
338 ## - Carrier type
Carrier type term volume
-- http://id.loc.gov/vocabulary/carriers/nc
385 ## -
-- Age group
-- age
-- Children
-- http://id.loc.gov/authorities/ demographicTerms/dg2015060010
520 ## - SUMMARY, ETC.
Summary, etc "A boy imagines all the things he would include if he were creating a perfect town"--
-- Provided by publisher.
521 1# - TARGET AUDIENCE NOTE
Target audience note Ages 4-8 years.
Source Rocky Pond Books.
650 #0 - SUBJECT ADDED ENTRY--TOPICAL TERM
Topical term or geographic name as entry element Imagination
Form subdivision Juvenile fiction.
9 (RLIN) 5676283
650 #0 - SUBJECT ADDED ENTRY--TOPICAL TERM
Topical term or geographic name as entry element Cities and towns
Form subdivision Juvenile fiction.
9 (RLIN) 6387320
650 #1 - SUBJECT ADDED ENTRY--TOPICAL TERM
Topical term or geographic name as entry element Stories in rhyme.
-- http://id.loc.gov/authorities/childrensSubjects/ sj2021050017
650 #1 - SUBJECT ADDED ENTRY--TOPICAL TERM
Topical term or geographic name as entry element Imagination
Form subdivision Fiction.
9 (RLIN) 5674599
650 #1 - SUBJECT ADDED ENTRY--TOPICAL TERM
Topical term or geographic name as entry element Cities and towns
Form subdivision Fiction.
9 (RLIN) 5723684
655 #7 - INDEX TERM--GENRE/FORM
Genre/form data or focus term Stories in rhyme.
Source of term lcgft
-- http://id.loc.gov/authorities/genreForms/ gf2014026559
655 #7 - INDEX TERM--GENRE/FORM
Genre/form data or focus term Picture books.
Source of term lcgft
-- http://id.loc.gov/authorities/genreForms/ gf2016026096
758 ## -
-- http://id.loc.gov/resources/instances/24144065
758 ## -
-- http://id.loc.gov/ontologies/bibframe/instanceOf
-- http:// id.loc.gov/resources/works/24144065
776 1# - ADDITIONAL PHYSICAL FORM ENTRY
Display text Online version
-- http://id.loc.gov/entities/relationships/ onlineversion
Main entry heading Van Dusen, Chris
Title If i built a town
Place, publisher, and date of publication New York : Rocky Pond Books, 2025
International Standard Book Number 9780593325001
Record control number (DLC) 2025016681
884 ## -
-- DLC bibframe2marc v2.10-dev
-- 20250408
-- DLC
-- https://github.com/ lcnetdev/bibframe2marc/releases/tag/v2.10-dev
Holdings
Withdrawn status Lost status Source of classification or shelving scheme Damaged status Not for loan Collection code Home library Current library Shelving location Date acquired Source of acquisition Total Checkouts Total Renewals Full call number Barcode Checked out Date last seen Date checked out Cost, replacement price Price effective from Koha item type
    Dewey Decimal Classification     Children Picture Books Wasatch County Library Wasatch County Library Main Floor Childrens Area 10/31/2025 Ingram 4 2 E Van Dusen 34301002171561 05/06/2026 03/10/2026 03/10/2026 19.99 10/31/2025 BOOK
This project was made possible through a grant from the Institute of Museum and Library Service administered by the Utah State Library Division.

Wasatch County Library

  • 465 East 1200 South, Heber City, Utah 84032
  • Phone 435-654-1511 | Fax 435-654-6456

Hours

  • Monday - Friday 9:30 AM - 8:00 PM
  • Saturday 9:30 AM - 1:30 PM
  • Closed Sundays and Holidays